Evelyn Baring : (Record no. 1893)

MARC details
000 -LEADER
fixed length control field 00866nam a2200277 i 4500
001 - CONTROL NUMBER
control field 2287360
003 - CONTROL NUMBER IDENTIFIER
control field OSt
005 - DATE AND TIME OF LATEST TRANSACTION
control field 20230620155806.0
008 - FIXED-LENGTH DATA ELEMENTS--GENERAL INFORMATION
fixed length control field 790529s1978 enkbcf b 001 0beng
010 ## - LIBRARY OF CONGRESS CONTROL NUMBER
LC control number 79305791
015 ## - NATIONAL BIBLIOGRAPHY NUMBER
National bibliography number GB***
020 ## - INTERNATIONAL STANDARD BOOK NUMBER
International Standard Book Number 0002164574 :
Terms of availability £7.50
040 ## - CATALOGING SOURCE
Original cataloging agency DLC
Transcribing agency DLC
Modifying agency DLC
050 00 - LIBRARY OF CONGRESS CALL NUMBER
Classification number JV1009.B37
Item number D68
082 00 - DEWEY DECIMAL CLASSIFICATION NUMBER
Classification number 325/.31/0924
-- B
Item number HOM
100 2# - MAIN ENTRY--PERSONAL NAME
Personal name Douglas-Home, Charles,
Dates associated with a name 1937-
245 00 - TITLE STATEMENT
Title Evelyn Baring :
Remainder of title the last proconsul /
Statement of responsibility, etc. Charles Douglas-Home.
260 ## - PUBLICATION, DISTRIBUTION, ETC. (IMPRINT)
Place of publication, distribution, etc. London :
Name of publisher, distributor, etc. Collins,
Date of publication, distribution, etc. 1978.
300 ## - PHYSICAL DESCRIPTION
Extent 344 p., [4] leaves of plates :
Other physical details ports., maps ;
Dimensions 23 cm.
500 ## - GENERAL NOTE
General note Includes index.
504 ## - BIBLIOGRAPHY, ETC. NOTE
Bibliography, etc Bibliography: p. 336-337.
600 10 - SUBJECT ADDED ENTRY--PERSONAL NAME
Personal name Baring, Evelyn,
Titles and other words associated with a name Sir,
Dates associated with a name 1903-1973.
650 #0 - SUBJECT ADDED ENTRY--TOPICAL TERM
Topical term or geographic name as entry element Colonial administrators
Geographic subdivision Great Britain
General subdivision Biography.
906 ## - LOCAL DATA ELEMENT F, LDF (RLIN)
a 7
b cbc
c orignew
d 4
e ncip
f 19
g y-gencatlg
942 ## - ADDED ENTRY ELEMENTS (KOHA)
Source of classification or shelving scheme Dewey Decimal Classification
Koha item type Books
Holdings
Withdrawn status Lost status Source of classification or shelving scheme Damaged status Not for loan Home library Current library Date acquired Total Checkouts Full call number Barcode Date last seen Price effective from Koha item type
    Dewey Decimal Classification     County Hall Archives County Hall Archives 06/20/2023   325/.31/0924 HOM 10001564 06/20/2023 06/20/2023 Books
LIBRARY OPENING HOURS

When the Parliament is sitting: 8.00a.m - 7.00p.m or until the house adjourns
Mondays and Fridays and when the House is on Recess:  8.00a.m - 5.00p.m
Closed on Weekends and Public Holidays

Online Public Access Catalog (OPAC)
Website: http://www.parliament.go.ke
Bunge Library: https://libraryir.parliament.go.ke
Contact: library@parliament.go.ke | Tel no: (254-2)2221291 or 2848000 Ext 5043